En su verso (Record no. 21408)
[ view plain ]
| 000 -LEADER | |
|---|---|
| campo de control de longitud fija | 00566nam a2200181 i 4500 |
| 001 - NÚMERO DE CONTROL | |
| campo de control | 21408 |
| 003 - IDENTIFICADOR DE NÚMERO DE CONTROL | |
| campo de control | ES-MaACL |
| 005 - FECHA Y HORA DE LA ÚLTIMA TRANSACCIÓN | |
| campo de control | 20250929063051.0 |
| 007 - CAMPO FIJO DE DESCRIPCIÓN FÍSICA--INFORMACIÓN GENERAL | |
| campo de control de longitud fija | t| |
| 008 - DATOS DE LONGITUD FIJA--INFORMACIÓN GENERAL | |
| campo de control de longitud fija | 021125s1973 sp ||||1| spa d |
| 100 1# - ENTRADA PRINCIPAL--NOMBRE DE PERSONA | |
| Nombre de persona | Alcaide Sánchez, Juan, |
| Fechas asociadas al nombre | 1907-1951 |
| 9 (RLIN) | 19445 |
| 245 10 - MENCIÓN DEL TÍTULO | |
| Título | En su verso |
| Resto del título | : (Antología) / |
| Mención de responsabilidad, etc. | Juan Alcaide ; dibujos de Gregorio Prieto. |
| 260 ## - PUBLICACIÓN, DISTRIBUCIÓN, ETC. | |
| Lugar de publicación, distribución, etc. | Madrid : |
| Nombre del editor, distribuidor, etc. | Insula, |
| Fecha de publicación, distribución, etc. | 1973. |
| 300 ## - DESCRIPCIÓN FÍSICA | |
| Extensión | 121 p., 12 lám. col. : |
| Otras características físicas | il. ; |
| Dimensiones | 29 cm. |
| 700 1# - ENTRADA AGREGADA--NOMBRE PERSONAL | |
| Nombre de persona | Prieto, Gregorio. |
| 9 (RLIN) | 93885 |
| 852 ## - LOCALIZACIÓN | |
| Ubicación | ES-MaACL |
| Número de control de estantería | C-53262 |
| Sublocalización o colección | R.86252 |
| Estatus retirado | Estado de pérdida | Estado de daño | No para préstamo | Biblioteca de origen | Biblioteca actual | Ubicación en estantería | Fecha de adquisición | Fuente de adquisición | Total de préstamos | Signatura topográfica completa | Código de barras | Visto por última vez | Precio de reemplazo | Tipo de ítem Koha |
|---|---|---|---|---|---|---|---|---|---|---|---|---|---|---|
| Biblioteca del Ateneo de Madrid | Biblioteca del Ateneo de Madrid | Depósito 2 | 17/01/2008 | C-53262 | 1021995 | 23/02/2023 | 23/02/2023 | Libro impreso |
